| 000 | 00739nam a2200253 a 4500 | ||
|---|---|---|---|
| 001 | 000056093 | ||
| 005 | 20200120223219.0 | ||
| 008 | 081127s1981 ck gr 000 f spa d | ||
| 041 | 0 |
_a|spa _bfre |
|
| 043 | _as-ck--- | ||
| 090 |
_aAN _bMAL Círculo |
||
| 100 | 0 | _aMalraux, André | |
| 245 | 1 | 3 |
_aLa condición humana / _cAndré Malraux ; traducción de Cesar A. Cornet. |
| 250 | _a1a. ed. | ||
| 260 |
_aBogotá : _bCírculo de lectores, _c1981. |
||
| 300 | _a291 p. | ||
| 490 | 0 | _aGrandes autores, grandes obras. | |
| 500 | _aTítulo original : La condition humaine | ||
| 650 | 1 | 4 | _aNovela adulto |
| 650 | 2 | 4 | _aLiteratura adulto |
| 650 | 1 | 4 | _aNovela francesa |
| 650 | 1 | 4 | _aLiteratura francesa |
| 700 | 1 |
_aCornet, Cesar A., _etr. |
|
| 999 |
_c5600 _d5600 |
||